| Tag |
First Indicator |
Second Indicator |
Subfields |
| LEADER |
00000cam a2200000 a 4500 |
| 001 |
in00004733821 |
| 008 |
131025s2010 fluad ob 001 0 eng d |
| 006 |
m o d |
| 007 |
cr ||||||||||| |
| 005 |
20230807192528.7 |
| 035 |
|
|
|a (OCoLC)ocn869311230
|
| 040 |
|
|
|a FlBoTFG
|b eng
|e pn
|c STF
|d OCLCO
|d OCLCF
|d YDXCP
|d CRCPR
|d OCLCQ
|d E7B
|d EBLCP
|d DEBSZ
|d OCLCQ
|d MERUC
|d UAB
|d OCLCQ
|d NLE
|d OCLCQ
|d UKMGB
|d WYU
|d YDX
|d UKAHL
|d OCLCQ
|d LGG
|d D6H
|d ERL
|d LEAUB
|d VT2
|d K6U
|d OCLCO
|d ELBRO
|d OCLCO
|d OCLCQ
|d SFB
|
| 015 |
|
|
|a GBB7B0201
|2 bnb
|
| 016 |
7 |
|
|a 015402851
|2 Uk
|
| 016 |
7 |
|
|a 018393071
|2 Uk
|
| 019 |
|
|
|a 859154457
|a 899155232
|a 1065689098
|a 1228601127
|
| 020 |
|
|
|a 9781439882160
|q (e-book ;
|q PDF)
|
| 020 |
|
|
|a 1439882169
|q (e-book ;
|q PDF)
|
| 020 |
|
|
|z 9781420091892
|q (alk. paper)
|
| 020 |
|
|
|z 1420091891
|q (alk. paper)
|
| 035 |
|
|
|a (OCoLC)869311230
|z (OCoLC)859154457
|z (OCoLC)899155232
|z (OCoLC)1065689098
|z (OCoLC)1228601127
|
| 037 |
|
|
|a TANDF_244133
|b Ingram Content Group
|
| 050 |
|
4 |
|a TS1968
|b .P876 2010
|
| 082 |
0 |
4 |
|a 664.93
|b P876
|
| 245 |
0 |
0 |
|a Poultry meat processing /
|c edited by Casey M. Owens, Christine Z. Alvarado, Alan R. Sams.
|
| 250 |
|
|
|a 2nd ed.
|
| 260 |
|
|
|a Boca Raton, Fla. :
|b CRC Press,
|c ©2010.
|
| 300 |
|
|
|a 1 online resource (xii, 441 pages) :
|b illustrations
|
| 336 |
|
|
|a text
|b txt
|2 rdacontent
|
| 337 |
|
|
|a computer
|b c
|2 rdamedia
|
| 338 |
|
|
|a online resource
|b cr
|2 rdacarrier
|
| 347 |
|
|
|a text file
|
| 347 |
|
|
|b PDF
|
| 504 |
|
|
|a Includes bibliographical references and index.
|
| 505 |
0 |
|
|a Ch. 1. Introduction to poultry meat processing / Alan R. Sams and Christine Z. Alvarado -- ch. 2. Preslaughter factors affecting poultry meat quality / Julie K. Northcutt and R. Jeff Buhr -- ch. 3. First processing : Slaughter through chilling / Alan R. Sams and Shelly R. McKee -- ch. 4. Second processing : parts, deboning, and portion control / Alan R. Sams and Casey M. Owens -- ch. 5. Poultry meat inspection and grading / Sacit F. Bilgili -- ch. 6. Packaging / Paul L. Daw -- ch. 7. Meat quality : sensory and instrumental evaluations / Brenda G. Lyon [and others] -- ch. 8. Microbiological pathogens : live poultry considerations / Billy M. Hargis, David J. Caldwell, and J. Allen Byrd -- ch. 9. Poultry-borne pathogens : plant considerations / Michael A. Davis, Manpreet Singh, and Donald E. Conner -- ch. 10. Spoilage bacteria associated with poultry / Scott M. Russell -- ch. 11. Functional properties of muscle proteins in processed poultry products / Denise M. Smith -- ch. 12. Formed and emulsion products / Jimmy T. Keeton and Wesley N. Osburn -- ch. 13. Coated poultry products / Casey M. Owens -- ch. 14. Mechanical separation of poultry meat and its use in products / Glenn W. Froning and Shelly R. McKee -- ch. 15. Marination, cooking, and curing of poultry products / Douglas P. Smith and James C. Acton -- ch. 16. Quality assurance and process control / Douglas P. Smith -- ch. 17. Nutritive value of poultry meat / Leslie D. Thompson -- ch. 18. Processing water and wastewater / William C. Merka -- ch. 19. Coproducts and by-products from poultry processing / Rubň O. Morawicki -- ch. 20. Poultry processing under animal welfare and organic standards in the United States / Anne Fanatico -- ch. 21. A brief introduction to some of the practical aspects of the kosher and halal laws for the poultry industry / Joe M. Regenstein and Muhammad Munir Chaudry.
|
| 520 |
|
|
|a When the first edition of Poultry Meat Processing was published, it provided a complete presentation of the theoretical and practical aspects of poultry meat processing, exploring the complex mix of biology, chemistry, engineering, marketing, and economics involved. Upholding its reputation as the most comprehensive text available, Poultry Meat Processing, Second Edition is thoroughly expanded and updated. Understand the Theoretical and Practical Aspects of Processing Poultry From Farm to ForkNow containing even more illustrations, this completely revised second edition features:Three new chap.
|
| 650 |
|
0 |
|a Poultry
|x Processing.
|
| 650 |
|
6 |
|a Volailles
|x Traitement.
|
| 650 |
|
7 |
|a Poultry
|x Processing.
|2 fast
|0 (OCoLC)fst01074000
|
| 655 |
|
7 |
|a Electronic books.
|2 local
|
| 700 |
1 |
|
|a Owens, Casey M.
|
| 700 |
1 |
|
|a Alvarado, Christine.
|
| 700 |
1 |
|
|a Sams, Alan R.
|
| 710 |
2 |
|
|a ProQuest (Firm)
|
| 776 |
0 |
8 |
|z 9781420091892
|z 1420091891
|
| 856 |
4 |
0 |
|u https://ebookcentral.proquest.com/lib/tamucs/detail.action?docID=1378833
|z Connect to the full text of this electronic book
|t 0
|
| 994 |
|
|
|a Z0
|b TXA
|
| 948 |
|
|
|h HELD BY TXA - 591 OTHER HOLDINGS
|
| 999 |
f |
f |
|s 8ef54517-7b35-45c3-9ac0-21d2993c3694
|i 55f67a2c-ad02-4c8e-baee-de85686663e7
|t 0
|
| 952 |
f |
f |
|a Texas A&M University
|b College Station
|c Electronic Resources
|d Available Online
|t 0
|e TS1968 .P876 2010
|h Library of Congress classification
|
| 998 |
f |
f |
|a TS1968 .P876 2010
|t 0
|l Available Online
|